000 00384 a2200169 4500
001 192682
020 _a85-06-02531-1
040 _cMagnum
100 _aPinto, Ziraldo Alves
240 1 0 _aUm, dois, feijão com arroz
_lpor
245 1 0 _aUm, dois, feijão com arroz
300 _a23
362 0 _a1996
440 1 _aMelhoramentos
697 _aLITERATURA INFANTIL
942 _cBK
999 _c192682
_d192682